| 000 | 00491nam a2200181Ia 4500 | ||
|---|---|---|---|
| 008 | 230917s9999||||xx |||||||||||||| ||und|| | ||
| 020 | _cUSD37 | ||
| 040 |
_e247851 _aMAIN |
||
| 041 | _aEnglish | ||
| 082 | _a519.5 P939S(3) | ||
| 100 | _aPrivitera, Gregory J | ||
| 245 | 0 | _aStatistics for the behavioral sciences | |
| 250 | _a3rd ed. | ||
| 260 |
_aCalifornia _bSage Publications _c2018 |
||
| 300 | _ax, 499 p. | ||
| 500 | _a3142 29/05/2018 RK18/451 29/05/2018 Main Budget | ||
| 942 | _cBK | ||
| 999 |
_c26971 _d26971 |
||